000 00334 a2200157 4500
001 14036
020 _a9788502072985
040 _cAnchieta - Aquarius
100 _aBEZERRIL, Marcelo
240 1 0 _a=Outros 500
_lpor
245 1 0 _a=Outros 500
300 _a112p.
362 0 _a2008
650 4 _aLiteratura brasileira
942 _cBK
999 _c14036
_d14036